01447cam a2200349 a 4500001001400000003000800014005001700022006001900039007001500058008004100073020003800114040003000152050002600182082001500208245014600223260005300369300004200422520016300464521001700627588004700644504005100691650003400742650004000776650003000816650002400846655002900870700002400899700002200923710001600945776003500961856010100996EDZ0000063555StDuBDS20161031105117.0m||||||||d||||||||cr |||||||||||120315s2005 caua fo| 001|0|eng d a9781452231655 (ebook) :cNo price aStDuBDSbengcStDuBDSepn 0aRC455.4.R56bD48 200504a616.8922300aDevelopment of psychopathologyh[electronic resource] :ba vulnerability-stress perspective /cedited by Benjamin L. Hankin, John R.Z. Abela. aThousand Oaks, Calif. ;aLondon :bSAGE,cc2005. a1 online resource (x, 510 p.) :bill.8 aDivided into three parts, this book systematically integrates vulnerability-stress models of psychopathology with a developmental psychopathological approach. aSpecialized. aDescription based on print version record. aIncludes bibliographical references and index. 0aMental illnessxRisk factors. 0aPsychology, PathologicalxEtiology. 0aDevelopmental psychology. 0aStress (Psychology) 7aElectronic books.2local1 aHankin, Benjamin L.1 aAbela, John R. Z.2 aSage eBooks08iPrint version :z978141290490240uhttp://ezproxy.alfaisal.edu/login?url=http://sk.sagepub.com/books/development-of-psychopathology